|
|
|
|
| LEADER |
00000cas a2200000 c 4500 |
| 001 |
182253503 |
| 003 |
DE-627 |
| 005 |
20260415123308.0 |
| 007 |
tu |
| 008 |
950318d19832020au a| p| 0 |0ger c |
| 015 |
|
|
|a 93,B22,0020
|2 dnb
|
| 016 |
7 |
|
|a 017180309
|2 DE-101
|
| 016 |
7 |
|
|a 1190771-X
|2 DE-600
|
| 035 |
|
|
|a (DE-627)182253503
|
| 035 |
|
|
|a (DE-576)040104389
|
| 035 |
|
|
|a (DE-599)ZDB1190771-X
|
| 035 |
|
|
|a (OCoLC)311758175
|
| 040 |
|
|
|a DE-627
|b ger
|c DE-627
|e rakwb
|
| 041 |
|
|
|a ger
|
| 044 |
|
|
|c XA-AT
|
| 082 |
0 |
4 |
|a 360
|q DE-600
|
| 084 |
|
|
|a 12
|a 14
|a 17
|a 200
|a 220
|a 230
|2 sdnb
|
| 110 |
2 |
|
|e VerfasserIn
|0 (DE-588)2129091-X
|0 (DE-627)124359663
|0 (DE-576)194415082
|4 aut
|a Caritas der Diözese Linz
|
| 245 |
1 |
0 |
|a Jahresbericht / Caritas in Oberösterreich
|
| 247 |
1 |
0 |
|a Jahresbericht ... der Caritas der Diözese Linz
|f Haupttitel 1983-[?]
|g e
|
| 264 |
3 |
1 |
|a Linz
|b Caritas der Diözese Linz
|c [1983-2020]
|
| 336 |
|
|
|a Text
|b txt
|2 rdacontent
|
| 337 |
|
|
|a ohne Hilfsmittel zu benutzen
|b n
|2 rdamedia
|
| 338 |
|
|
|a Band
|b nc
|2 rdacarrier
|
| 362 |
0 |
|
|a 1983-2020
|
| 363 |
0 |
0 |
|i 1983
|
| 363 |
1 |
0 |
|i 2020
|
| 500 |
|
|
|a Verantwortlichkeitsangabe früher: Caritas der Diözese Linz
|
| 591 |
|
|
|a NBWZ!(15-04-26)
|
| 601 |
|
|
|a Caritas
|
| 601 |
|
|
|a Oberösterreich
|
| 655 |
|
7 |
|a Zeitschrift
|0 (DE-588)4067488-5
|0 (DE-627)10454466X
|0 (DE-576)20917000X
|2 gnd-content
|
| 935 |
|
|
|a mteo
|
| 951 |
|
|
|a JT
|
| ELC |
|
|
|b 1
|
| ORI |
|
|
|a TA-MARC-ixtheo_oa001.raw
|
| REL |
|
|
|a 1
|
| SUB |
|
|
|a REL
|